000 01575nam0a2200301 4500
001 RU\NLR\bibl\1753695
005 20260407093706.0
010 _a978-5-89016-656-2
_9150
021 _aRU
_b2011-15338
_91088
035 _a(NLR Aleph) 001744537
090 _a1480422
_c1480422
100 _a20110331d2010 |||y0rusy50 ca
101 0 _arus
102 _aRU
105 _ay |||||||||
200 1 _aДемографические и экологические проблемы истории России в 20 веке
_eсборник научных статей
_fМ-во образования и науки Рос. Федерации, ГОУВПО "Тамбов. гос. ун-т им. Г.Р. Державина, Науч. совет по историч. демографии и историч. географии
_g[отв. ред.: д.и.н. В.Б. Жиромская, д.и.н. В.В. Канищев]
210 _aМосква
_aТамбов
_cИзд-во ТГУ
_d2010
215 _a239 с.
_d21
320 _aБиблиогр. в подстроч. примеч.
607 _aСССР
_jСборники
_xНаселение
_9938748
_3RU\NLR\auth\66347008
686 _aС73(2)7я43
702 1 _aЖиромская
_bВ. Б.
_gВалентина Борисовна
_4340
712 0 2 _4570
_aТамбовский государственный университет им. Г. Р. Державина
_3RU\NLR\AUTH\889917219
_9330608
801 0 _aRU
_bNLR
_c20110331
_gRCR
801 1 _aRU
_bNLR
_c20110331
942 _cBOOK
980 _aNB